=LDR 00000nam 2200000 4500 =001 INLIS000000000018513 =005 20130612113703 =008 ***********************************eng** =035 ##$$0010-061300000018513 =041 ##$$a eng =082 ##$$a 823 =090 ##$$a 823, Inn s =100 ##$$a INNES, Hammond =245 ##$$a The stronge land, Hammond Innes =260 ##$$a Collins $b London =300 ##$$a 276 hlm, 32 cm =650 ##$$a FIKSI-INGGRIS =850 ##$$a NBPNMAT =990 ##$$a 0001/BPAP-NTB/2016 =990 ##$$a 69646964 =990 ##$$a 01201806964 =990 ##$$a 00041511 =990 ##$$a 00041512 =990 ##$$a 0001/BPAP-NTB/2016